Cyclisme: Top 30 de Paris-Roubaix 2023 - Statistiques

Statistiques générales
  • Ce quiz a été pris 210 fois
  • Le résultat moyen est 12 sur 30
Statistiques - réponses
Pos Equipe Coureur % Correct
1er Alpecin-Deceuninck Mathieu van der Poel
99%
3ème Jumbo-Visma Wout van Aert
99%
2ème Alpecin-Deceuninck Jasper Philipsen
92%
5ème Groupama-FDJ Stefan Küng
86%
4ème Trek-Segafredo Mads Pedersen
83%
10ème Jumbo-Visma Christophe Laporte
80%
7ème Team DSM John Degenkolb
73%
6ème INEOS Grenadiers Filippo Ganna
64%
15ème Uno-X Pro Cycling Team Alexander Kristoff
51%
24ème Soudal Quick-Step Yves Lampaert
47%
12ème Lotto-Dstny Florian Vermeersch
44%
11ème Alpecin-Deceuninck Gianni Vermeersch
44%
29ème Bahrain Victorious Matej Mohoric
37%
8ème Cofidis Max Walscheid
37%
14ème Jumbo-Visma Nathan Van Hooydonck
35%
20ème Trek-Segafredo Jasper Stuyven
33%
19ème UAE Team Emirates Matteo Trentin
31%
9ème Intermarché-Circus-Wanty Laurenz Rex
30%
18ème TotalEnergies Dries van Gestel
19%
23ème Soudal Quick-Step Tim Merlier
17%
16ème Israel-Premier Tech Sep Vanmarcke
16%
13ème UAE Team Emirates Sjoerd Bax
13%
22ème Uno-X Pro Cycling Team Søren Wærenskjold
13%
17ème Intermarché-Circus-Wanty Mike Teunissen
12%
25ème Groupama-FDJ Lewis Askey
11%
28ème Cofidis Alexis Renard
9%
21ème Team Arkéa-Samsic Luca Mozzato
9%
26ème Astana Qazaqstan Team Yevgeniy Fedorov
9%
30ème Israel-Premier Tech Tom Van Asbroeck
6%
27ème Lotto-Dstny Cedric Beullens
5%
Aucun quiz correspondant
Distribution des résultats
% des personnes avec chaque résultat
Percentile par nombre de réponses
Votre historique - résultats
Vous n’avez pas pris ce quiz